[Event "ch-POL sf"]
[Site "Lubniewice POL"]
[Date "2002.12.07"]
[Round "8"]
[White "Szromba,K"]
[Black "Janocha,W"]
[Result "0-1"]
[WhiteElo "2152"]
[BlackElo "2266"]

1.d4 Nf6 2.c4 g6 3.Nc3 Bg7 4.e4 O-O 5.Nf3 d6 6.Be2 e5 7.O-O Nc6 8.d5 Ne7
9.b4 Nh5 10.Re1 Nf4 11.Bf1 h6 12.c5 f5 13.Bxf4 fxe4 14.Nxe4 exf4 15.Rc1 Kh8
16.Nd4 Nxd5 17.cxd6 cxd6 18.Nb5 Nxb4 19.Nexd6 Qh4 20.Rc7 Nc6 21.Ne8 Bg4 22.f3 Raxe8
23.Rxe8 Rxe8 24.fxg4 a6 25.Qd7 Qe7 26.Qxe7 Rxe7 27.Rxe7 Nxe7 28.Nc7 Bd4+
29.Kh1 Be5 30.Ne6 b5 31.Nc5 Bd6 32.Nxa6 b4 33.Kg1 Nc6 34.Kf2 Ne5 35.h3 Kg7
36.Ke2 Kf6 37.Kd2 Kg5 38.Ke2 Kh4 39.Kf2 Nd7 40.Bc4 Ne5 41.Bd5 Kg5 42.Ke2 Kh4
43.Kf2 h5 44.gxh5 Kxh5 45.Be4 Kh4 46.Bd5 Nd3+ 47.Ke2 Ne5 48.Kf2 g5 49.Be6 Nc6
50.Bd7 Nd4 51.Be8 Nf5 52.Bd7 Ng3 53.Bg4 Ne4+ 54.Kf3 Nc3 55.Be6 Kh5 56.Bf7+ Kh6
57.Bc4 Kg6 58.Kg4 Nd1 59.Be2 Ne3+ 60.Kf3 Kf5 61.g3 Ke5 62.gxf4+ gxf4 63.h4 Nf5
64.Kg4 Nd4 65.Bd1 Ke4 66.h5 f3 67.Bxf3+ Nxf3 68.h6 Ne5+ 69.Kg5 Be7+ 70.Kh5 Kf5
71.Nc7 Nf7 72.Nd5 Bf8 73.h7 Nh8 74.Ne3+ Ke4 75.Nc2 Kd3 76.Nxb4+ Bxb4 77.Kg5 Bc3
78.Kf5 Kc4 79.Ke4 Bg7 80.Ke3 Kb4 81.Kd3 Ka3 82.Ke4 Kxa2 83.Kd3 Kb3 84.Ke4 Kc4
85.Kf5 Kd5  0-1

[Event "Tch-SWE 2002-3"]
[Site "Sweden SWE"]
[Date "2002.12.07"]
[Round "5"]
[White "Landgren,P"]
[Black "Ziegler,A"]
[Result "0-1"]
[WhiteElo "2222"]
[BlackElo "2361"]

1.d4 Nf6 2.c4 g6 3.Nc3 Bg7 4.e4 O-O 5.Nf3 d6 6.Be2 e5 7.O-O Nc6 8.d5 Ne7
9.b4 Nh5 10.Re1 Nf4 11.Bf1 Kh8 12.a4 Ng8 13.c5 f5 14.Bxf4 exf4 15.e5 g5 16.Ra3 g4
17.exd6 gxf3 18.dxc7 Qxc7 19.Qxf3 a5 20.d6 Qd8 21.b5 Qh4 22.Nd5 Nf6 23.Nb6 Rb8
24.Rd3 Bd7 25.Re7 Rbd8 26.g3 fxg3 27.hxg3 Qh6 28.Qe3 Qg6 29.Bg2 f4 30.gxf4 Bf5
31.Rd2 Nh5 32.Rxb7 Rg8 33.Qf3 Ba1 34.Re7 Nxf4 35.Qg3 Qh6 36.d7 Rxg3 37.fxg3 Nh3+
38.Bxh3 Qxd2 39.Bxf5 Bd4+ 40.Kh1 Qc1+ 41.Kh2 Qh6+ 42.Kg2 Qd2+ 43.Kh3 Bf6
44.Re4 Qc1 45.Rf4 Qh1+  0-1

[Event "TCh-BEL 2002-3"]
[Site "Belgium BEL"]
[Date "2002.12.08"]
[Round "4"]
[White "Friedrichs,K"]
[Black "Ahn,M"]
[Result "1-0"]
[WhiteElo "2356"]
[BlackElo "2319"]

1.d4 Nf6 2.Nf3 g6 3.c4 Bg7 4.Nc3 O-O 5.e4 d6 6.Be2 e5 7.O-O Nc6 8.d5 Ne7
9.Ne1 Nd7 10.Be3 f5 11.f3 f4 12.Bf2 g5 13.a4 a6 14.a5 Rf6 15.Na4 Qe8 16.Kh1 Rh6
17.c5 Kh8 18.cxd6 cxd6 19.Nd3 Ng8 20.Be1 Nc5 21.Nf2 Nxa4 22.Rxa4 Nf6 23.Rc4 Bf8
24.Ng4 Rg6 25.Qc2 Be7 26.Nxf6 Bxf6 27.Bf2 h5 28.Rc1 Rg8 29.h3 Qg6 30.Qd1 Qh6
31.Kg1 g4 32.fxg4 f3 33.Bxf3 Bg5 34.R1c3 Bd2 35.Rc2 Bf4 36.g3 hxg4 37.hxg4 Be3
38.Bxe3 Qxe3+ 39.Kg2 Bd7 40.Qd2 Qxd2+ 41.Rxd2 Bxg4 42.Bxg4 Rxg4 43.Rdc2 Rag8
44.R2c3 R8g7 45.Rb3 Kh7 46.Rcb4 Kh6 47.Kh3 Kh5 48.Rf3 R4g6 49.Rc4 Kh6 50.Rc8 Kh7
51.Rb8 Rg4 52.Rxb7 Rxe4 53.Rff7 Rxf7 54.Rxf7+ Kg8 55.Ra7  1-0

[Event "TCh-BEL 2002-3"]
[Site "Belgium BEL"]
[Date "2002.12.08"]
[Round "4"]
[White "Chuchelov,V"]
[Black "Hausrath,D"]
[Result "1/2-1/2"]
[WhiteElo "2593"]
[BlackElo "2455"]

1.Nf3 Nf6 2.c4 g6 3.Nc3 Bg7 4.e4 d6 5.d4 O-O 6.Be2 e5 7.O-O Nc6 8.d5 Ne7
9.Nd2 c5 10.Rb1 Ne8 11.b4 b6 12.bxc5 bxc5 13.Nb3 f5 14.Bg5 Bf6 15.Bd2 Bg7
16.f3 Rf7 17.Nb5 a6 18.Ba5 Qd7 19.Nc3 Bh6 20.Qd3 Nf6 21.Nd2 Qe8 22.Rb6 Bd7
23.Rfb1 Nc8 24.Rb8 Rxb8 25.Rxb8 Qf8 26.Ra8 Bg5 27.Nf1 Qh6 28.Rxa6 Nh5 29.g3 Bf4
30.Bd1 Qg5 31.Qe2 Bc1 32.Kh1 f4 33.g4 Nf6 34.Qe1 Nxg4 35.fxg4 f3 36.Qg3 Rf4
37.h3 h5 38.Ra8 Kg7 39.Ba4 Bxg4 40.Rxc8 h4 41.Rc7+ Kh6 42.Qh2 Bxh3 43.Qxh3 Rg4
44.Rf7  1/2-1/2

[Event "Cerrado CEMAR A"]
[Site "Mondariz ESP"]
[Date "2002.12.20"]
[Round "6"]
[White "Pogorelov,R"]
[Black "Cheparinov,I"]
[Result "1/2-1/2"]
[WhiteElo "2488"]
[BlackElo "2473"]

1.Nf3 Nf6 2.c4 g6 3.Nc3 Bg7 4.e4 d6 5.d4 O-O 6.Be2 e5 7.O-O Nc6 8.d5 Ne7
9.Ne1 Nd7 10.Be3 f5 11.f3 f4 12.Bf2 g5 13.g4 fxg3 14.hxg3 Nf6 15.Ng2 Bh3
16.Kh2 Qd7 17.Rh1 g4 18.f4 exf4 19.Nxf4 Nh5 20.Nxh3 gxh3 21.Be3 Nf6 22.g4 h6
23.g5 hxg5 24.Rg1 Nh7 25.Bg4 Qe8 26.Be6+ Kh8 27.Qg4 Be5+ 28.Kxh3 Ng6 29.Bf5 Nh4
30.Bxg5 Nxf5 31.exf5 Qd7 32.Bh4 Qxf5 33.Qxf5 Rxf5 34.Raf1 Rxf1 35.Rxf1 Kg8
36.Ne4 Rf8 37.Rxf8+ Kxf8 38.b3 Ke8 39.Kg4 Nf8 40.Kf5 Bd4 41.Bf2 Bxf2 42.Nxf2 Nd7
43.Nd3 Ke7 44.b4 Nb6 45.Nb2 c6 46.dxc6 bxc6 47.a4 Nc8 48.Ke4 Ke6 49.b5 cxb5
50.cxb5 d5+ 51.Kd4 Kd6 52.a5 Ne7 53.Na4 Nf5+ 54.Kd3 Kc7 55.b6+ axb6 56.Nxb6 Kb7
57.Nxd5 Ka6 58.Ke4  1/2-1/2

[Event "TSGM Dec"]
[Site "Belgrade YUG"]
[Date "2002.12.21"]
[Round "1"]
[White "Lundin,J"]
[Black "Dimitrijevic,A"]
[Result "0-1"]
[WhiteElo "2212"]
[BlackElo "2336"]

1.d4 Nf6 2.c4 g6 3.Nc3 Bg7 4.e4 d6 5.Nf3 O-O 6.Be2 e5 7.O-O Nc6 8.d5 Ne7
9.b4 Ne8 10.a4 h6 11.Ra3 f5 12.Nd2 Nf6 13.c5 f4 14.Nc4 h5 15.Nb5 Ne8 16.cxd6 cxd6
17.a5 Rf7 18.Bd2 Bf8 19.Be1 Rg7 20.f3 g5 21.Bf2 g4 22.Bxa7 g3 23.Nb6 Ng6
24.Nxc8 gxh2+ 25.Kh1 Rxc8 26.Rc3 Rxc3 27.Nxc3 Qg5 28.Rf2 h4 29.Bf1 h3 30.Qe2 Nf6
31.Bb6 Nh5 32.Qd2 Ng3+ 33.Kxh2 Nh4 34.Bb5 hxg2 35.Bd7 Nf1+  0-1

[Event "Christmas Open"]
[Site "Zadar CRO"]
[Date "2002.12.21"]
[Round "8"]
[White "Bilobrk,F"]
[Black "Djingarova,E"]
[Result "1/2-1/2"]
[WhiteElo "2348"]
[BlackElo "2269"]

1.d4 Nf6 2.Nf3 g6 3.c4 Bg7 4.Nc3 O-O 5.e4 d6 6.Be2 e5 7.O-O Nc6 8.d5 Ne7
9.Ne1 Nd7 10.Be3 f5 11.f3 f4 12.Bf2 g5 13.Rc1 Rf6 14.Nd3 Rh6 15.c5 Qe8 16.g4 fxg3
17.Bxg3 Nf6 18.Nf2 Qg6 19.Nb5 Ne8 20.cxd6 cxd6 21.Nc7 Nxc7 22.Rxc7 Bf8 23.Qc2 Qe8
24.Rc1 Rg6 25.Kh1 h5 26.h4 Bh6 27.Rg1 gxh4 28.Bxh4 Rxg1+ 29.Kxg1 Ng6 30.Bg3 Bf4
31.Bb5 Qd8 32.Bxf4 Nxf4 33.Kf1 a6 34.Be2 Rb8 35.Nd3 Bh3+ 36.Ke1 Nxd3+ 37.Bxd3 Rc8
38.Rxc8 Qxc8 39.Qxc8+ Bxc8 40.Kf2 h4 41.Bf1 Kg7 42.f4 exf4 43.Kf3 Kf6 44.Kxf4 a5
45.a3 Bd7  1/2-1/2

[Event "Rotary Open"]
[Site "Lindsborg Kansas USA"]
[Date "2002.12.22"]
[Round "7"]
[White "Kraai,J"]
[Black "Pruess,D"]
[Result "1-0"]
[WhiteElo "2449"]
[BlackElo "2351"]

1.Nf3 Nf6 2.c4 g6 3.Nc3 Bg7 4.e4 d6 5.d4 O-O 6.Be2 e5 7.O-O Nc6 8.d5 Ne7
9.Kh1 Nd7 10.g4 f5 11.gxf5 gxf5 12.Rg1 Kh8 13.Bg5 Bf6 14.Bh6 Rg8 15.Ng5 Bxg5
16.Bxg5 Qf8 17.Qd2 Nc5 18.f4 Ng6 19.fxe5 dxe5 20.exf5 Bxf5 21.Raf1 Ne4 22.Qe3 Nxc3
23.bxc3 Re8 24.Bg4 Nf4 25.Bxf4  1-0

[Event "5th It"]
[Site "Ramat-Aviv ISR"]
[Date "2002.12.25"]
[Round "2"]
[White "Porat,S"]
[Black "Okunev,L"]
[Result "1-0"]
[WhiteElo "2343"]
[BlackElo "2196"]

1.d4 Nf6 2.c4 g6 3.Nc3 Bg7 4.e4 d6 5.Nf3 O-O 6.Be2 e5 7.O-O Nc6 8.d5 Ne7
9.a4 Nh5 10.Re1 h6 11.a5 Nf4 12.Bf1 g5 13.Be3 f5 14.exf5 Nxf5 15.Nd2 Qf6
16.Nde4 Qg6 17.c5 a6 18.cxd6 cxd6 19.Ng3 Qf7 20.Nce4 Nxe3 21.fxe3 Ng6 22.Nxd6 Qf2+
23.Kh1 Qxb2 24.Qd3 e4 25.Qxe4 Nh4 26.Bd3 Rf2 27.Rf1 Bf5 28.Ndxf5  1-0

[Event "5th It"]
[Site "Ramat-Aviv ISR"]
[Date "2002.12.27"]
[Round "4"]
[White "Porat,I"]
[Black "Okunev,L"]
[Result "0-1"]
[WhiteElo "2139"]
[BlackElo "2196"]

1.d4 Nf6 2.c4 g6 3.Nc3 Bg7 4.e4 d6 5.Nf3 O-O 6.Be2 e5 7.O-O Nc6 8.d5 Ne7
9.a4 Nh5 10.Re1 h6 11.a5 Nf4 12.Bf1 g5 13.Be3 Bg4 14.h3 Bd7 15.g4 Bf6 16.Ne2 Nxe2+
17.Bxe2 Ng6 18.Nd2 Nf4 19.Kh2 Kg7 20.Nf1 h5 21.Ng3 hxg4 22.hxg4 Rh8+ 23.Nh5+ Kg6
24.Rh1 Bxg4 25.Bxg4 Nxh5 26.Bf5+ Kg7 27.Kg2 Nf4+ 28.Bxf4 exf4 29.Rxh8 Qxh8
30.Qb3 Qh5 31.Rh1 Qe2 32.Qh3 Kf8 33.b3 Ke7 34.Qf3 Qxf3+ 35.Kxf3 Bc3 36.Rh5 Rg8
37.Kg4 Kf6 38.Rh6+ Ke5 39.Rh7 Rf8 40.Kxg5 Be1 41.f3 Bxa5 42.Rg7 Bd2 43.Bh7 Kd4
44.Bg8 Ke3 45.Bxf7 Kxf3 46.Bh5+ Kxe4 47.Re7+ Kd4 48.Bf3 Ba5 49.Kg4 Kc5 50.Bd1 b5
51.cxb5 Kxd5 52.Kf3 Kc5 53.Be2 Kb6 54.Re4 Bd2 55.Rc4 Re8 56.Rc6+ Kb7 57.Bc4 Re5
58.Kf2 d5 59.Be2 Be3+ 60.Kf1 Bb6 61.Bf3 a6 62.Rf6 axb5 63.Rxf4 Kc6 64.Be2 Bc5
65.Rf6+ Bd6 66.Ke1 Kc5 67.Kd1 Kb4 68.Rf3 c5 69.Rf6 Be7 70.Rb6 c4 71.bxc4 dxc4
72.Bf3 Kb3  0-1

[Event "26th Christmas Open Masters"]
[Site "Zurich SUI"]
[Date "2002.12.27"]
[Round "3"]
[White "Nemet,I"]
[Black "Pahud,C"]
[Result "1-0"]
[WhiteElo "2429"]
[BlackElo "2154"]

1.d4 Nf6 2.Nf3 g6 3.c4 Bg7 4.Nc3 O-O 5.e4 d6 6.Be2 e5 7.O-O Nc6 8.d5 Ne7
9.Nd2 a5 10.b3 c5 11.a3 Ne8 12.Bb2 f5 13.b4 axb4 14.axb4 Rxa1 15.Qxa1 Bh6
16.Ncb1 b6 17.bxc5 bxc5 18.Bc3 fxe4 19.Ba5 Qd7 20.Nxe4 Nf5 21.Bg4 Qe7 22.Bd2 Bxd2
23.Nbxd2 Qh4 24.Bh3 Neg7 25.Qa7 g5 26.Bxf5 Bxf5 27.g3 Qh6 28.Qe7 Bxe4 29.Nxe4 Nf5
30.Qxg5+ Qxg5 31.Nxg5 Rb8 32.Ne4 Rb4 33.Rc1 Kf8 34.Kg2 Ke7 35.h4 Nd4 36.h5 Nb3
37.Rc2 Nd4 38.Ra2 h6 39.Ra7+ Kf8 40.Nxd6 Rb6 41.Ne4 Rb4 42.Nxc5  1-0

[Event "Open A"]
[Site "Bethune FRA"]
[Date "2002.12.28"]
[Round "4"]
[White "Bunzmann,D"]
[Black "Degraeve,JM"]
[Result "1/2-1/2"]
[WhiteElo "2498"]
[BlackElo "2575"]

1.d4 Nf6 2.c4 g6 3.Nc3 Bg7 4.e4 d6 5.Nf3 O-O 6.Be2 e5 7.O-O Nc6 8.d5 Ne7
9.b4 Nh5 10.c5 f5 11.Ng5 Nf4 12.Bxf4 exf4 13.e5 Bxe5 14.Rc1 Kh8 15.Qd2 a5
16.cxd6 Qxd6 17.bxa5 c6 18.Nf3 Bf6 19.a6 bxa6 20.dxc6 Qxd2 21.Nxd2 Nxc6 22.Bf3 Bxc3
23.Rxc3 Nd4 24.Rc7 Nxf3+ 25.Nxf3 Be6 26.a3 Rf7 27.Rxf7 Bxf7 28.Rd1 Rb8 29.h4 Rb3
30.Rd8+ Kg7 31.Rd7 Kf8 32.Ng5 Bg8 33.Rd8+ Kg7 34.Rd7+ Kf8 35.Rd8+  1/2-1/2

[Event "Open A"]
[Site "Bethune FRA"]
[Date "2002.12.29"]
[Round "6"]
[White "Bunzmann,D"]
[Black "Golubev,M"]
[Result "0-1"]
[WhiteElo "2498"]
[BlackElo "2528"]

1.d4 Nf6 2.c4 g6 3.Nc3 Bg7 4.e4 d6 5.Nf3 O-O 6.Be2 e5 7.O-O Nc6 8.d5 Ne7
9.b4 Ne8 10.c5 f5 11.Nd2 Nf6 12.f3 f4 13.a4 g5 14.Nc4 Ng6 15.Ba3 Rf7 16.b5 dxc5
17.Bxc5 h5 18.d6 Bf8 19.Bf2 cxd6 20.b6 a6 21.Nd5 Nxd5 22.Qxd5 Qf6 23.Rac1 g4
24.Nxd6 Be6 25.Qxe6 Qxe6 26.Nxf7 g3 27.hxg3 fxg3 28.Bxg3 Rc8 29.Ng5 Qxb6+
30.Bf2 Bc5 31.Rxc5 Rxc5 32.Bc4+ Kh8 33.Rd1 Qa5 34.Bf7 Nf4 35.g3 Rc1 36.Rxc1 Ne2+
37.Kf1 Nxc1 38.Be3 Qxa4 39.Kg2 Qc2+ 40.Kh3 Qd3  0-1

[Event "35th Open"]
[Site "Trinec CZE"]
[Date "2002.12.29"]
[Round "3"]
[White "Anka,E"]
[Black "Repkova,E"]
[Result "1-0"]
[WhiteElo "2462"]
[BlackElo "2366"]

1.Nf3 Nf6 2.c4 g6 3.Nc3 Bg7 4.d4 d6 5.e4 O-O 6.Be2 e5 7.O-O Nc6 8.d5 Ne7
9.b4 Nh5 10.Re1 Nf4 11.Bf1 f5 12.Nd2 Kh8 13.a4 c6 14.Ba3 a5 15.bxa5 c5 16.Nb5 Rxa5
17.Bb2 Ra6 18.Ra3 Nh5 19.exf5 Nxf5 20.g4 Nh6 21.gxh5 Qh4 22.f3 Qxh5 23.Ne4 Nf5
24.Bc1 Bd7 25.f4 Qh4 26.Rh3 Qd8 27.fxe5 Bxe5 28.Ng5 Nd4 29.Rxh7+ Kg8 30.Bh3 Nf3+
31.Nxf3 Kxh7 32.Bg5 Bf6 33.Bxf6 Qxf6 34.Bxd7 Qxf3 35.Re7+ Kh6 36.Qxf3 Rxf3
37.Nc7 Ra7 38.Bb5 b6 39.Kg2 Rc3 40.Rd7 Rc2+ 41.Kg3 Rc3+ 42.Kg4 Rd3 43.Ne8 Rxd7
44.Bxd7 Rd4+ 45.Kf3 Rxc4 46.Nxd6 Rd4 47.Bc6 c4 48.Nb5 Rd2 49.Ke3 Rd3+ 50.Ke4 Rd1
51.d6 c3 52.Nxc3 Rxd6 53.Bd5 Rf6 54.Ke5 Rf5+ 55.Kd6 Rf2 56.h3 Rb2 57.Be6 Kg5
58.Bd7 Kh4 59.Nd5 g5 60.Kc6 Kg3 61.Nxb6 Ra2 62.Kb5 Rb2+ 63.Ka6 Kf4 64.a5 Ra2
65.Nc4 Ke4 66.Kb6 Kd5 67.Ne3+ Kd6 68.Bb5 Rh2 69.a6 Rxh3 70.a7 Rh8 71.Bc6 Ke5
72.a8=Q Rxa8 73.Bxa8 Kf4 74.Ng2+ Kg3 75.Kc5 g4 76.Kd4 Kf2 77.Kd3 Kg3 78.Ke3 Kh2
79.Kf2 g3+ 80.Kf3 Kh3 81.Bd5 Kh2 82.Be6 Kh1 83.Kxg3 Kg1 84.Bc4 Kh1 85.Nf4  1-0

[Event "35th Open"]
[Site "Trinec CZE"]
[Date "2002.12.30"]
[Round "4"]
[White "Belunek,V"]
[Black "Gasik,P"]
[Result "1-0"]
[WhiteElo "2416"]
[BlackElo "2175"]

1.d4 Nf6 2.c4 g6 3.Nc3 Bg7 4.e4 d6 5.Be2 O-O 6.Nf3 e5 7.O-O Nc6 8.d5 Ne7
9.Ne1 Nd7 10.Bd2 f5 11.Rc1 Nf6 12.f3 f4 13.Nd3 g5 14.c5 Ng6 15.cxd6 cxd6
16.Nb5 Rf7 17.Qc2 Ne8 18.a4 h5 19.Nf2 Bf8 20.h3 Rg7 21.Qb3 Nh4 22.Rc2 Nf6
23.Rfc1 g4 24.hxg4 hxg4 25.fxg4 Bxg4 26.Bxg4 Nxg4 27.Nxg4 Rxg4 28.Be1 Qg5
29.Qh3 f3 30.Bxh4 Rxh4 31.Qxf3 Qh6 32.g3 Qg6 33.Nc7 Rc8 34.Ne6 Rg4 35.Kf2 Rxc2+
36.Rxc2 Bg7 37.Rc8+ Kh7 38.Rc7 Qh6 39.Qf5+  1-0

[Event "5th It"]
[Site "Ramat-Aviv ISR"]
[Date "2002.12.31"]
[Round "7"]
[White "Rapoport,I"]
[Black "Okunev,T"]
[Result "1/2-1/2"]
[WhiteElo "2301"]
[BlackElo "2206"]

1.d4 Nf6 2.c4 g6 3.Nc3 d6 4.e4 Bg7 5.Nf3 O-O 6.Be2 e5 7.O-O Nc6 8.Be3 Re8
9.d5 Nd4 10.Nxd4 exd4 11.Bxd4 Nxe4 12.Nxe4 Rxe4 13.Bxg7 Kxg7 14.Bd3 Re8 15.Re1 Rxe1+
16.Qxe1 Qf6 17.Qd2 Bd7 18.Re1 Re8 19.Rxe8 Bxe8 20.Qb4 b6 21.h3 Bd7 22.Qd2 h6
23.b4 c5 24.dxc6 Bxc6 25.Bf1 Qe5 26.f4 Qf6 27.a3  1/2-1/2

[Event "5th It"]
[Site "Ramat-Aviv ISR"]
[Date "2003.01.06"]
[Round "11"]
[White "Rodshtein,M"]
[Black "Okunev,L"]
[Result "0-1"]
[WhiteElo "2221"]
[BlackElo "2196"]

1.d4 Nf6 2.c4 g6 3.Nc3 Bg7 4.e4 d6 5.Be2 O-O 6.Nf3 e5 7.O-O Nc6 8.d5 Ne7
9.b4 Nh5 10.c5 Nf4 11.Bxf4 exf4 12.Rc1 h6 13.Nd4 a5 14.bxa5 Rxa5 15.cxd6 cxd6
16.a4 Qb6 17.Ncb5 Bd7 18.Nb3 f3 19.gxf3 Rxa4 20.Nc5 dxc5 21.Qxa4 Qf6 22.Qa3 Bh3
23.Qe3 Bxf1 24.Bxf1 b6 25.f4 g5 26.fxg5 hxg5 27.Bh3 g4 28.Bxg4 Bh6 29.f4 Bxf4
30.Qc3 Qg5 31.Rc2 Ng6 32.h3 Ra8 33.Na3 Be3+ 34.Kf1 Qf4+ 35.Ke2 Qf2+ 36.Kd3 Ne5+
37.Qxe5 Rxa3+ 38.Rc3 Qd2+ 39.Kc4 Rxc3+ 40.Qxc3 b5+  0-1

[Event "ch-NZL"]
[Site "Wanganui NZL"]
[Date "2003.01.06"]
[Round "6"]
[White "Croad,N"]
[Black "Guthrie,D"]
[Result "1-0"]
[WhiteElo "2202"]
[BlackElo "2160"]

1.Nf3 Nf6 2.c4 g6 3.Nc3 Bg7 4.e4 d6 5.d4 O-O 6.Be2 e5 7.O-O Nc6 8.d5 Ne7
9.b4 Nh5 10.Re1 h6 11.a4 f5 12.Nd2 Nf4 13.Bf1 g5 14.g3 Nfg6 15.c5 Rf6 16.Ba3 Nh8
17.cxd6 cxd6 18.Rc1 Nf7 19.Qc2 g4 20.Nb5 Ng5 21.Qc7 Qxc7 22.Rxc7 Bf8 23.Bg2 a6
24.Nc3 f4 25.a5 fxg3 26.hxg3 Nf3+ 27.Bxf3 gxf3 28.Na4 Bg4 29.Rxb7 h5 30.Nb6 Rd8
31.Nf1 Ng6 32.b5 axb5 33.a6 h4 34.a7 hxg3 35.Nxg3 Nf4 36.Rb8  1-0

[Event "Troll Masters"]
[Site "Gausdal NOR"]
[Date "2003.01.10"]
[Round "5"]
[White "Hole,O"]
[Black "Andersen,A"]
[Result "1-0"]
[WhiteElo "2252"]
[BlackElo "2142"]

1.Nf3 Nf6 2.c4 g6 3.Nc3 Bg7 4.e4 d6 5.d4 O-O 6.Be2 e5 7.O-O Nc6 8.d5 Ne7
9.b4 Nh5 10.Re1 f5 11.Nd2 Nf6 12.Ba3 f4 13.c5 Kh8 14.b5 Ne8 15.Bb4 g5 16.Bg4 Ng6
17.Bxc8 Rxc8 18.a4 Bf6 19.Rc1 g4 20.Qxg4 Rg8 21.Qh3 Nh4 22.g3 fxg3 23.hxg3 Bg5
24.Ncb1 dxc5 25.Bxc5 Nf6 26.Kf1 Ng6 27.Qf5 Nd7 28.Ba3 Be7 29.Rc3 Rf8 30.Qh3 Nf6
31.Bxe7 Qxe7 32.Rec1 a6 33.bxa6 bxa6 34.Rc6 Qf7 35.Qe6 Ng4 36.Qxf7 Rxf7 37.f3 Rcf8
38.Ke2 Nh2 39.R1c3 Ne7 40.Rh6 Ng4 41.fxg4  1-0

[Event "TCh-BEL 2002-3"]
[Site "Belgium BEL"]
[Date "2003.01.12"]
[Round "6"]
[White "Kocsis,Le"]
[Black "Ahn,M"]
[Result "1/2-1/2"]
[WhiteElo "2402"]
[BlackElo "2319"]

1.c4 g6 2.Nf3 Bg7 3.d4 Nf6 4.Nc3 O-O 5.e4 d6 6.Be2 e5 7.O-O Nc6 8.d5 Ne7
9.Ne1 Nd7 10.Nd3 f5 11.Bd2 Nf6 12.f3 f4 13.g4 h5 14.g5 Nh7 15.h4 Nxg5 16.hxg5 Nf5
17.exf5 Qxg5+  1/2-1/2

[Event "LXIX ch-BRA"]
[Site "Brasilia BRA"]
[Date "2003.01.12"]
[Round "5"]
[White "Lima,Da"]
[Black "Di Berardino,D"]
[Result "1-0"]
[WhiteElo "2521"]
[BlackElo "2282"]

1.d4 Nf6 2.c4 g6 3.Nc3 Bg7 4.e4 d6 5.Nf3 O-O 6.Be2 e5 7.O-O Nc6 8.d5 Ne7
9.Bd2 Nh5 10.Rc1 Nf4 11.Bxf4 exf4 12.Qd2 Bh6 13.h4 f6 14.Nb5 g5 15.c5 g4
16.cxd6 cxd6 17.Nfd4 f5 18.Nc7 Ng6 19.Nxa8 Qxh4 20.Rxc8 f3 21.Rxf8+ Nxf8
22.Nxf5 Bxd2 23.Nxh4 fxe2 24.Nf5 exf1=Q+ 25.Kxf1 Kf7 26.Nc7  1-0

[Event "Kaissa Open"]
[Site "Kharkov UKR"]
[Date "2003.01.23"]
[Round "3"]
[White "Kobylkin,E"]
[Black "Kovalenko,N"]
[Result "1-0"]
[WhiteElo "2425"]
[BlackElo "2183"]

1.d4 Nf6 2.c4 g6 3.Nc3 Bg7 4.e4 O-O 5.Nf3 d6 6.Be2 e5 7.O-O Nc6 8.d5 Ne7
9.Ne1 Nd7 10.Be3 f5 11.f3 f4 12.Bf2 g5 13.a4 Ng6 14.a5 a6 15.Nd3 Rf7 16.c5 Bf8
17.c6 bxc6 18.dxc6 Nf6 19.Nb4 Kh8 20.Nbd5 Ne8 21.b4 h5 22.b5 axb5 23.Nxb5 Rg7
24.Nbc3 Ne7 25.Nxe7 Bxe7 26.Nd5 g4 27.Qd2 g3 28.hxg3 fxg3 29.Bxg3 Rxg3 30.Qh6+ Kg8
31.Bc4 Be6 32.Nxe7+  1-0

[Event "Open"]
[Site "Auckland AUS"]
[Date "2003.01.29"]
[Round "7"]
[White "Guthrie,D"]
[Black "Jones,B"]
[Result "1-0"]
[WhiteElo "2160"]
[BlackElo "2196"]

1.d4 Nf6 2.c4 g6 3.Nc3 Bg7 4.e4 d6 5.Be2 O-O 6.Nf3 e5 7.O-O Nc6 8.d5 Ne7
9.Nd2 Ne8 10.b4 f5 11.c5 Kh8 12.a4 Ng8 13.Ba3 Rf7 14.Nc4 Ngf6 15.f3 f4 16.a5 g5
17.b5 h5 18.h3 Bf8 19.b6 axb6 20.axb6 Qe7 21.bxc7 dxc5 22.Nb6 Ra5 23.Nb5 Rxb5
24.Bxb5 Qxc7 25.Bxe8 Nxe8 26.Qa4 Nf6 27.Nxc8 Qxc8 28.Bb2 Qc7 29.Qa5 Qd6 30.Rfc1 g4
31.Qc3 Nd7 32.hxg4 hxg4 33.Kf2 c4 34.Rh1+ Kg8 35.fxg4 Rg7 36.Kf1 Qb6 37.Ba3 Qd4
38.Qxd4 exd4 39.Bxf8 Kxf8 40.Rh5 Rxg4 41.e5 c3 42.Rh7 Rg7 43.Ra8+ Kf7 44.e6+ Kf6
45.exd7  1-0

[Event "National I"]
[Site "Bischwiller FRA"]
[Date "2003.01.31"]
[Round "1"]
[White "Schenk,Andreas"]
[Black "Bellaiche,A"]
[Result "1-0"]
[WhiteElo "2478"]
[BlackElo "2427"]

1.d4 Nf6 2.c4 g6 3.Nc3 Bg7 4.e4 d6 5.Nf3 O-O 6.Be2 e5 7.O-O Nc6 8.d5 Ne7
9.b4 Nh5 10.Re1 f5 11.Ng5 Nf6 12.f3 c6 13.Be3 h6 14.Ne6 Bxe6 15.dxe6 Qc7
16.Qb3 Qc8 17.Rad1 Rd8 18.Rd2 Qxe6 19.Red1 Kh8 20.b5 Rd7 21.Qa3 c5 22.b6 Nc6
23.Nb5 Nd4 24.Nc7 Rxc7 25.bxc7 fxe4 26.Rb1 Nxe2+ 27.Rxe2 exf3 28.gxf3 e4
29.Rxb7 exf3 30.Rb8+ Kh7 31.Rd2 Ng4 32.Rxa8 Qe4 33.Rb8 Qe5 34.Rf2 Nxe3 35.Rxf3 Ng4
36.Qd3 Qxh2+ 37.Kf1 Qh1+ 38.Ke2 Qg2+ 39.Kd1 Qg1+ 40.Kd2 Nf2 41.Qe2 Qg5+ 42.Kc2  1-0

[Event "FSIMB Feb"]
[Site "Budapest HUN"]
[Date "2003.02.05"]
[Round "5"]
[White "Gonda,L"]
[Black "Werner,Di"]
[Result "1-0"]
[WhiteElo "2317"]
[BlackElo "2375"]

1.d4 Nf6 2.Nf3 g6 3.c4 Bg7 4.Nc3 O-O 5.e4 d6 6.Be2 e5 7.O-O Nc6 8.d5 Ne7
9.Bg5 h6 10.Bxf6 Bxf6 11.b4 Kg7 12.c5 Ng8 13.a4 Bg5 14.Nd2 f5 15.Nc4 Nf6
16.Bf3 Qe7 17.c6 bxc6 18.Na5 cxd5 19.exf5 d4 20.h4 Bxh4 21.Nc6 Qf7 22.Nxd4 Bxf5
23.Bxa8 Rxa8 24.Nxf5+ gxf5 25.Qf3 Rb8 26.Qxf5 Rxb4 27.Rab1 Rf4 28.Qh3 Bg5
29.Rb7 Ng4 30.Qg3 a6 31.a5 Nh2 32.Qxh2 Rh4 33.Qg3 Qh5 34.f4 exf4 35.Rxc7+ Kh8
36.Qf3 Rh1+ 37.Kf2 Bh4+ 38.Ke2 Qe5+ 39.Qe4 f3+ 40.gxf3  1-0

[Event "FSIMA Feb"]
[Site "Budapest HUN"]
[Date "2003.02.08"]
[Round "8"]
[White "Babos,C"]
[Black "Alfred,N"]
[Result "1/2-1/2"]
[WhiteElo "2278"]
[BlackElo "2250"]

1.d4 Nf6 2.c4 g6 3.Nc3 Bg7 4.e4 d6 5.Nf3 O-O 6.Be2 e5 7.O-O Nc6 8.d5 Ne7
9.b4 a5 10.Ba3 Nh5 11.bxa5 Rxa5 12.Bb4 Ra8 13.c5 dxc5 14.Bxc5 Nf4 15.Bc4 Bg4
16.Re1 b6 17.Bb4 c5 18.dxc6 Nxc6 19.Bxf8 Nd4 20.Re3 Bxf8 21.Nd5 b5 22.Nxf4 Bxf3
23.gxf3 bxc4 24.Nd5 Qg5+ 25.Kh1 Qh4 26.Kg2 Qg5+ 27.Kh1 Qh4 28.Kg2 Qg5+ 29.Kh1 Qh4  1/2-1/2

[Event "11th Aosta Open"]
[Site "Saint Vincent ITA"]
[Date "2003.02.08"]
[Round "1"]
[White "Rotstein,A"]
[Black "Tomba,I"]
[Result "1-0"]
[WhiteElo "2544"]
[BlackElo "2158"]

1.Nf3 Nf6 2.c4 g6 3.Nc3 Bg7 4.e4 d6 5.d4 O-O 6.Be2 e5 7.O-O Nc6 8.d5 Ne7
9.b4 a5 10.Ba3 Nd7 11.bxa5 Rxa5 12.Bb4 Ra8 13.a4 Nc5 14.a5 f5 15.Bxc5 dxc5
16.Ng5 Rf6 17.Bf3 c6 18.dxc6 Qxd1 19.Rfxd1 bxc6 20.Na4 Rxa5 21.Nb6 Rxa1 22.Rxa1 Bh6
23.h4 Bxg5 24.hxg5 Rf8 25.Ra7 fxe4 26.Bxe4 Nf5 27.Rc7 Be6 28.Bxf5 Bxf5 29.Rxc6 Rb8
30.Nd5 Rb1+ 31.Kh2 Rb2 32.Kg3 Rc2 33.Rxc5 Be6 34.Nf6+ Kg7 35.Rc7+ Bf7 36.c5  1-0

[Event "Tch-SWE 2002-3"]
[Site "Sweden SWE"]
[Date "2003.02.08"]
[Round "7"]
[White "Palo,D"]
[Black "Hillarp Persson,T"]
[Result "1/2-1/2"]
[WhiteElo "2484"]
[BlackElo "2482"]

1.d4 g6 2.c4 Bg7 3.e4 d6 4.Nf3 Nf6 5.Nc3 O-O 6.Be2 e5 7.O-O Nc6 8.d5 Ne7
9.b4 a5 10.Ba3 Nh5 11.bxa5 Rxa5 12.Bb4 Ra8 13.Re1 Nf4 14.Bf1 Bg4 15.h3 Bxf3
16.Qxf3 c5 17.dxc6 Nxc6 18.a3 Nd4 19.Qd1 Nfe6 20.Nd5 Kh8 21.Ra2 Nc5 22.g3 f5
23.exf5 gxf5 24.Bc3 Nde6 25.Bg2 e4 26.Bxg7+ Kxg7 27.f3 exf3 28.Qxf3 Qg5 29.Qc3+ Kg8
30.Rae2 Rae8 31.Kh2 Qg7 32.Qxg7+  1/2-1/2

[Event "FSIMB Feb"]
[Site "Budapest HUN"]
[Date "2003.02.09"]
[Round "9"]
[White "Gonda,L"]
[Black "Resika,N"]
[Result "1/2-1/2"]
[WhiteElo "2317"]
[BlackElo "2184"]

1.d4 g6 2.c4 Bg7 3.e4 d6 4.Nc3 Nf6 5.Nf3 O-O 6.Be2 e5 7.O-O Nc6 8.d5 Ne7
9.Bg5 Nh5 10.Ne1 Nf4 11.Nd3 Nxe2+ 12.Qxe2 h6 13.Bd2 f5 14.f3 f4 15.c5 h5
16.Rfc1 g5 17.Nb5 Bd7 18.a4 Ng6 19.Ba5 b6 20.cxb6 axb6 21.Be1 Rc8 22.Bf2 g4
23.Kf1 Nh4 24.Bxh4 Qxh4 25.Kg1 Rf7 26.Na7 Ra8 27.Nb5 Rc8 28.Ne1 Bh6 29.Rc3 Rg7
30.Rac1 Bxb5 31.Qxb5 Kh8 32.b4 Rcg8 33.a5 bxa5 34.bxa5 Qd8 35.a6 Bg5 36.fxg4  1/2-1/2

[Event "US Amateur Team East"]
[Site "Parsippany NJ USA"]
[Date "2003.02.15"]
[Round "1"]
[White "Bonin,J"]
[Black "Boudreaux,F"]
[Result "1-0"]
[WhiteElo "2370"]
[BlackElo "2198"]

1.d4 Nf6 2.c4 g6 3.Nc3 Bg7 4.e4 d6 5.Nf3 O-O 6.Be2 e5 7.O-O Nc6 8.d5 Ne7
9.Nd2 Nd7 10.b4 f5 11.f3 a5 12.bxa5 Rxa5 13.Nb3 Ra8 14.Be3 b6 15.a4 fxe4
16.fxe4 Nc5 17.a5 Nxb3 18.Qxb3 bxa5 19.c5 Bd7 20.Rfb1 Rf6 21.cxd6 cxd6 22.Qb6 Qxb6
23.Rxb6 Nc8 24.Rb7 Rf7 25.Bb5 Bxb5 26.Rxf7 Be8 27.Rb7 a4 28.Nb5 Bxb5 29.Rxb5 Kf8
30.Rb4 a3 31.Rb3 a2 32.Rb2 Kf7 33.Raxa2 Rxa2 34.Rxa2 Ke8 35.Rb2 Bf6 36.Rb8 Kd8
37.Bb6+ Kd7 38.Rb7+ Ke8 39.Ba5 Be7 40.Kf2 h5 41.Ke2 g5 42.h3 Bf8 43.Rh7 h4
44.Rb7 Ne7 45.Kd3 Ng8 46.Kc4  1-0

[Event "11th Aosta Open"]
[Site "Saint Vincent ITA"]
[Date "2003.02.16"]
[Round "9"]
[White "Legky,N"]
[Black "Djingarova,E"]
[Result "1-0"]
[WhiteElo "2507"]
[BlackElo "2267"]

1.d4 Nf6 2.c4 g6 3.Nc3 Bg7 4.e4 d6 5.Nf3 O-O 6.Be2 e5 7.O-O Nc6 8.d5 Ne7
9.Bg5 Nh5 10.Ne1 Nf4 11.Nd3 Nxe2+ 12.Qxe2 h6 13.Bd2 f5 14.f3 f4 15.Rac1 g5
16.c5 Rf6 17.Nb5 Bd7 18.Nf2 a6 19.Na3 h5 20.h3 Rg6 21.cxd6 cxd6 22.Nc4 Nc8
23.Rc2 a5 24.Rfc1 b5 25.Nxa5 Qb6 26.Rc7 g4 27.hxg4 hxg4 28.Rxd7 gxf3 29.Qxf3 Rg3
30.Rcc7 Rxf3 31.Rxg7+ Kf8 32.gxf3 Ra7 33.Nb7  1-0